Quizzes
Events
Quiz Creation
Community
Videos
Private Events
Remove Ads
Sign In
Join for FREE
Feedback
Dark Mode
Quiz Categories
Sports
Geography
Music
Movies
Television
Just For Fun
Miscellaneous
History
Literature
Language
Science
Gaming
Entertainment
Religion
Holiday
For Kids
Quiz Lab
Recent
Popular Today
Quiz Kudos Today
Editor Picks
Curator Picks
Quizzes by...
Day
Popularity
Type
Ratings
Length
Year
Community
Subscriptions
Recent Discussions
Orange Saloon
Badges
Playlists
Quests
Create
Leaderboards
Showdown
Live 5
Trivia Bingo
Activity
Puzzle Library
Sporcle Events
Private Events
Virtual Trivia
Globe League
Become a Host
Pub Owners
SporcleCon
Opinionation
Our Games
Videos
Blog
Mobile Apps
Partnerships
Remove Ads and Go Orange
Feedback
Miscellaneous
Crossword
General Knowledge
Baby Names
Logo
Food
Cars
Numbers
Grab Bag
University
College
Popular
Company
Slogans
Restaurants
Justice
Letter
Miscellaneous
Crossword
General Knowledge
Baby Names
Logo
Food
Cars
Numbers
Grab Bag
University
College
Popular
Company
Slogans
Restaurants
Justice
Letter
Random Quiz
Search Sporcle
×
Quiz Lab
Quiz Lab
Miscellaneous
Famous
Type in answers that appear in a list
Type in answers that appear in a list
Classic
Best Score? Go Orange.
Pics of Famous Faces III Stats
Can you name the these famous persons?
By
H0limkill
5m
25 Questions
3,210 Plays
3,210 Plays
3,210 Plays
Comments
Comments
Give Quiz Kudos
Give Quiz Kudos
-
- Ratings
hide this ad
More Info
Replay
Link that replays current quiz
Next Quiz
Link to next quiz in quiz playlist
You Got
0%
They Got
Avg Score
75%
Avg Friend Score
Upgrade to see
Score Distribution
Jump to the score distribution portion of the page
Score
0/25
Timer
05:00
0
Plays Today
Number of the Image
Person
% Correct
20.
Santa Claus
98.3%
5.
Jesus Christ
97.6%
17.
King Kong
94.2%
13.
George Timothy Clooney
92.8%
25.*
John Winston Ono Lennon
92.4%
16.
Dr. Henry Walton 'Indiana' Jones, Jr.
91.4%
7.
Serena Jameka Williams
91%
12.
John Christopher 'Johnny' Depp II
89.8%
22.*
Miley Ray Cyrus ( Destiny Hope Cyrus )
88.9%
15.
Angelina Jolie ( Angelina Jolie Voight )
88%
11.
Marilyn Monroe ( Norma Jeane Mortenson, Norma Jeane Baker )
86.9%
14.
Sir Charles Spencer 'Charlie' Chaplin
86.3%
8.
Lance Edward Armstrong ( Lance Edward Gunderson )
85.8%
Number of the Image
Person
% Correct
19.
Spock
84.5%
23.
James Marshall 'Jimi' Hendrix ( Johnny Allen Hendrix )
82.9%
21.
Ray Charles
72.7%
1.
Cleopatra VII Philopator
71.8%
2.
Sir Winston Leonard Spencer-Churchill
71%
4.
Ernesto 'Che' Guevara
67.3%
24.
Whitney Elizabeth Houston
56.4%
10.
Manuel 'Manny' Aristides Ramírez Onelcida
41.1%
18.
Scrat
40.7%
9.
William Anthony 'Tony' Parker
40.1%
6.
Zinedine Zidane
36.9%
3.
Louis XIV
34.1%
Quiz Playlist
Details
Report
Send in Message
Add To Playlist
More Info:
*=you can name the movie or TV show in which you see this face/you can name the band in which the face was.
Classic:
Type in answers that appear in a list
Last Updated: Feb 16, 2017
Quiz Scoreboard
CHALLENGE
Sign Up to Join the Scoreboard
Show All
Scores
Hide
Comments
May contain spoilers
Recently Published
College Basketball Coaching Resumes
by pancakes188
Sports
9m
Billboard Blitz: Fleetwood Mac
by CooCooCachoo
Music
15s
Presidents Visiting Landmarks
by Hejman
History
7m
More to Explore
Quiz From the Vault
Featured Blog Post
Where Did the Easter Bunny Come From?
hide this ad
You Might Also Like...
Tags
Famous Quiz
Numbers Quiz
face
Image Quiz
Person
Today's Top Quizzes in Miscellaneous
Browse Miscellaneous
hide this ad
Today's Top Quizzes in Famous
Browse Famous
Top Contributed Quizzes in Miscellaneous
1
5-to-1: Fast Food
2
The JOE quick-fire general knowledge quiz: Day 174
3
The JOE quick-fire general knowledge quiz: Day 173
4
5-to-1: Cocktails
5
The JOE quick-fire general knowledge quiz: Day 172
6
Sunday Crossword: Famous Bodies of Water
7
The JOE quick-fire general knowledge quiz: Day 171
8
One Thing in Common: United Kingdom II
9
Named After an Animal - Odd One Out!
10
The JOE quick-fire quiz: Day 170
Explore More
Trending Topics
Harry Potter
NBA
Kpop
Disney
Anime
Crossword
Marvel
Soccer
The Office
Puzzle
NFL
Country
Pokémon
WWE
Song
hide this ad
More By:
H0limkill
Quiz
Plays
Rating
Category
Featured
Created
Movie Tidbits from Clips
92,363
4.66
Movies
Mar 12, 2011
Tennis 4+ Wins In Major Tournaments (Men)
67,807
3.67
Sports
Jan 17, 2011
Missing Word: Action Comedies
33,526
4.28
Just For Fun
Jun 13, 2011
Artist By Music Clip
21,981
4.53
Music
Jul 22, 2010
Top Actors/Directors of IMDb's Top 250
13,077
4.50
Movies
Oct 1, 2010
Go to Creator's Profile
Score Distribution
Quiz Creator Spotlight
H0limkill
Follow
Send a Message
Quizzes Created
-
Created Quiz Play Count
-
More By This Creator
Popular Quizzes Today
1
Find the US States - No Outlines Minefield
2
Find the Countries of Europe - No Outlines Minefield
3
The Countries of the World
4
Find the US States
5
Risky Map Clicking: Biggest States A-Z
6
US States
7
Popular People in 1961
8
Movies - When Are They Set?
More Miscellaneous Quizzes
'Ham' Images
Editor's Pick
Trending Quizzes
Risky Map Clicking: Least Populous States A-Z
1-10 Letter G Words
1-10 Letter F Words
Risky Map Clicking: Next State Alphabetically
Risky Map Clicking: Biggest States A-Z
Recently Updated
Leaping Animals
pecheneg
Reality TV Shows (A-Z)
bhenderson79
Rickey Henderson's Hall of Fame Teammates
pecheneg
Champions League XIs: Arsenal
pecheneg
Quick Pick: Celebrities in WWE's Hall of Fame
aduchscher
A-Z Keypad Blitz II
pecheneg
Multiple Oscar Actors
pecheneg
Mystery Phrase Blitz: Oscar 'Best Actors'
pecheneg
F. Scott Fitzgerald Novels
LTH
Pick 3 Villains
ddd62291
Trending Topics
NBA
Crossword
Harry Potter
Kpop
Disney
Anime
Marvel
Song
Pokémon
Soccer
Country
WWE
Puzzle
The Office
NFL
Your Account Isn't Verified!
In order to create a playlist on Sporcle, you need to verify the email address you used during registration. Go to your
Sporcle Settings
to finish the process.
Report this User
Report this user for behavior that violates our
Community Guidelines
.
Details:
Send Report
Go to the Sporcle.com Mobile Site →
Comments